[Event "GER OL-242 email"]
[Site "GER email"]
[Date "2009.??.??"]
[Round "?"]
[White "Pflaesterer, Wolfgang"]
[Black "Weinberg, Theo"]
[Result "1/2-1/2"]
[WhiteElo "1439"]
[BlackElo "1884"]
[PlyCount "114"]
[EventDate "2009.??.??"]
[EventType "tourn (corr)"]
[EventRounds "6"]
[EventCountry "GER"]
[SourceTitle "Corr 2011"]
[Source "ChessBase"]
[SourceDate "2010.08.31"]
[SourceVersion "1"]
[SourceVersionDate "2010.08.31"]
[SourceQuality "1"]

1. c4 e6 2. Nc3 Nf6 3. d4 Bb4 4. Bd2 0-0 5. a3 Bxc3 6. Bxc3 d5 7. e3 b6 8. Bd3 Bb7 9. Nf3 Nbd7 10. 0-0 dxc4 11. Bxc4 Ne4 12. Bb4 c5 13. Be1 Qf6 14. Bd3 Rac8 15. Qb1 Qf5 16. a4 a5 17. Nd2 Nxd2 18. Bxd2 Qh5 19. f3 Rfd8 20. Bc3 cxd4 21. exd4 Nf6 22. Qe1 Nd5 23. Bd2 Ne7 24. Qf2 e5 25. Rfe1 Rxd4 26. Ra3 Ng6 27. Be3 Rd6 28. Rb3 Bc6 29. Rc3 Rb8 30. Bxb6 Nf4 31. Bf1 Rg6 32. g4 Nh3+ 33. Bxh3 Qxh3 34. Rxe5 h5 35. g5 Rd6 36. Re1 Qd7 37. Be3 Rd1 38. b3 Rxe1+ 39. Qxe1 Bxf3 40. Bf4 Re8 41. Re3 Qg4+ 42. Qg3 Qxg3+ 43. hxg3 Rxe3 44. Bxe3 Bd1 45. Bd2 Bxb3 46. Bxa5 Bxa4 47. Kf2 Kh7 48. Ke3 Kg6 49. Kf4 f6 50. gxf6 Kxf6 51. Bd8+ Kf7 52. g4 Ke8 53. Bh4 Bd1 54. gxh5 Bxh5 55. Kg3 Kf7 56. Bd8 Ke6 57. Kh4 Be8 1/2-1/2

[Event "GER OL-236 email"]
[Site "GER email"]
[Date "2008.03.15"]
[Round "?"]
[White "Kuebler, Joachim"]
[Black "Weinberg, Theo"]
[Result "1-0"]
[WhiteElo "1242"]
[BlackElo "1884"]
[PlyCount "42"]
[EventDate "2008.??.??"]
[EventType "tourn (corr)"]
[EventRounds "6"]
[EventCountry "GER"]
[SourceTitle "Corr 2011"]
[Source "ChessBase"]
[SourceDate "2010.08.31"]
[SourceVersion "1"]
[SourceVersionDate "2010.08.31"]
[SourceQuality "1"]

1. e4 e5 2. Nf3 Nf6 3. Nc3 Bb4 4. Nd5 Nxd5 5. exd5 e4 6. Nd4 Qg5 7. c3 Qxd5 8. cxb4 Qxd4 9. a3 Nc6 10. Be2 Ne5 11. 0-0 d5 12. Kh1 0-0 13. f4 exf3 14. Bxf3 Bf5 15. Qe2 Rae8 16. Qf2 Qxf2 17. Rxf2 Nxf3 18. gxf3 Bh3 19. Rf1 Bxf1 20. Kg1 Re1 21. Kf2 Rfe8 1-0

[Event "GER OL-236 email"]
[Site "GER email"]
[Date "2008.03.15"]
[Round "?"]
[White "Weinberg, Theo"]
[Black "Priehn, Peter"]
[Result "1-0"]
[WhiteElo "1884"]
[BlackElo "1609"]
[PlyCount "113"]
[EventDate "2008.??.??"]
[EventType "tourn (corr)"]
[EventRounds "6"]
[EventCountry "GER"]
[SourceTitle "Corr 2011"]
[Source "ChessBase"]
[SourceDate "2010.08.31"]
[SourceVersion "1"]
[SourceVersionDate "2010.08.31"]
[SourceQuality "1"]

1. e4 c6 2. d4 d5 3. Nc3 dxe4 4. Nxe4 Bf5 5. Ng3 Bg6 6. h4 h6 7. Nf3 Nd7 8. h5 Bh7 9. Bd3 Bxd3 10. Qxd3 e6 11. Bd2 Qc7 12. 0-0-0 Ngf6 13. Ne4 0-0-0 14. g3 Nxe4 15. Qxe4 Bd6 16. c4 c5 17. Bc3 Rhe8 18. Kb1 f5 19. Qe2 Nf6 20. dxc5 Bxc5 21. Rxd8+ Rxd8 22. Qxe6+ Qd7 23. Qxd7+ Rxd7 24. Bxf6 gxf6 25. Nh4 f4 26. Nf5 f3 27. Nxh6 Bxf2 28. Nf5 Bc5 29. Rf1 f2 30. b4 Bxb4 31. Rxf2 Rd1+ 32. Kc2 Rh1 33. g4 Rh3 34. Re2 Kd7 35. Re3 Rh2+ 36. Kb3 Bc5 37. Rd3+ Kc6 38. a4 a6 39. Rd8 Rh3+ 40. Kc2 Bb4 41. Re8 Kc5 42. h6 Kxc4 43. Re4+ Kc5 44. Re6 Kc4 45. Rxf6 Rh2+ 46. Kd1 Rd2+ 47. Kc1 Rh2 48. Ne3+ Kd3 49. Nf1 Rh3 50. Kd1 b5 51. axb5 axb5 52. g5 Be7 53. Rf5 b4 54. g6 Rxh6 55. Rf3+ Ke4 56. g7 Rg6 57. Re3+ 1-0

[Event "GER OL-235 email"]
[Site "GER email"]
[Date "2008.02.12"]
[Round "?"]
[White "Deicke, Detlef"]
[Black "Weinberg, Theo"]
[Result "0-1"]
[WhiteElo "1640"]
[BlackElo "1884"]
[PlyCount "44"]
[EventDate "2008.??.??"]
[EventType "tourn (corr)"]
[EventRounds "6"]
[EventCountry "GER"]
[SourceTitle "Corr 2011"]
[Source "ChessBase"]
[SourceDate "2010.08.31"]
[SourceVersion "1"]
[SourceVersionDate "2010.08.31"]
[SourceQuality "1"]

1. Nf3 Nf6 2. c4 e6 3. g3 Be7 4. Bg2 d5 5. cxd5 exd5 6. d4 0-0 7. 0-0 c6 8. Nbd2 Bf5 9. Qb3 Qc8 10. Re1 Re8 11. Qc3 Na6 12. a3 Nc7 13. b4 Ne4 14. Nxe4 dxe4 15. Ng5 Bf6 16. f3 Qd8 17. e3 Bxg5 18. f4 Bf6 19. Bb2 a5 20. h3 Nd5 21. Qd2 b6 22. Rec1 axb4 0-1

[Event "GER OL-235 email"]
[Site "GER email"]
[Date "2008.02.12"]
[Round "?"]
[White "Puetz, Hans Martin"]
[Black "Weinberg, Theo"]
[Result "0-1"]
[WhiteElo "1590"]
[BlackElo "1884"]
[PlyCount "86"]
[EventDate "2008.??.??"]
[EventType "tourn (corr)"]
[EventRounds "6"]
[EventCountry "GER"]
[SourceTitle "Corr 2011"]
[Source "ChessBase"]
[SourceDate "2010.08.31"]
[SourceVersion "1"]
[SourceVersionDate "2010.08.31"]
[SourceQuality "1"]

1. e4 e5 2. d4 exd4 3. c3 d5 4. Qxd4 Be6 5. exd5 Bxd5 6. c4 Qe7+ 7. Qe3 Be6 8. Nf3 Nh6 9. Be2 Nc6 10. 0-0 0-0-0 11. Nc3 Nf5 12. Qe4 Nfd4 13. Nxd4 Nxd4 14. Be3 f5 15. Qe5 Nxe2+ 16. Nxe2 Bxc4 17. Qxf5+ Qd7 18. Qf3 Bd5 19. Qg3 Bd6 20. Bf4 Rhe8 21. Nc3 Bxg2 22. Kxg2 Qf5 23. Qg5 Qxf4 24. Qxf4 Bxf4 25. Rad1 Be5 26. Rxd8+ Kxd8 27. Rd1+ Ke7 28. Rd3 Ke6 29. Re3 Rf8 30. b3 Rf5 31. h3 c5 32. Ne2 Kd5 33. f4 Bd6 34. Re8 g5 35. Nc3+ Kc6 36. Rc8+ Kd7 37. Rh8 Rf7 38. Ne4 gxf4 39. Kf3 Kc6 40. Ng5 Re7 41. Ne4 Bc7 42. Rf8 Rd7 43. Rf6+ Kb5 0-1

[Event "GER OL-242 email"]
[Site "GER email"]
[Date "2008.??.??"]
[Round "?"]
[White "Mair, Egon"]
[Black "Weinberg, Theo"]
[Result "1/2-1/2"]
[WhiteElo "1829"]
[BlackElo "1884"]
[PlyCount "74"]
[EventDate "2008.??.??"]
[EventType "tourn (corr)"]
[EventRounds "6"]
[EventCountry "GER"]
[SourceTitle "Corr 2011"]
[Source "ChessBase"]
[SourceDate "2010.08.31"]
[SourceVersion "1"]
[SourceVersionDate "2010.08.31"]
[SourceQuality "1"]

1. d4 Nf6 2. c4 e6 3. Nf3 Bb4+ 4. Bd2 a5 5. Bxb4 axb4 6. c5 0-0 7. Nbd2 d6 8. cxd6 Qxd6 9. e3 b6 10. Bd3 Bb7 11. Qc2 Nbd7 12. e4 e5 13. Nc4 Qe7 14. Ncxe5 Nxe5 15. dxe5 Ng4 16. e6 fxe6 17. h3 Nf6 18. 0-0 Nh5 19. Rfe1 Nf4 20. Re3 c5 21. Bf1 Bc6 22. a3 Qf6 23. Rae1 Ra4 24. axb4 Rxb4 25. Qc3 Bb5 26. Qxf6 gxf6 27. Bxb5 Rxb5 28. b3 Rd8 29. e5 f5 30. Ra1 h6 31. Ra7 Rd1+ 32. Ne1 Ra5 33. Rb7 Kf8 34. Kh2 Nd5 35. Rg3 Rxe1 36. Rgg7 Ra8 37. Rh7 Rh1+ 1/2-1/2